000 00383nam a2200133Ia 4500
008 220217s9999||||xx |||||||||||||| ||und||
020 _a81-203-1840-4
082 _a621.381 5 STR
100 _aStreetman, Ben, G Banerjee, Sanjay
_92133
245 0 _aSolid state electronic devices
260 _aPrentice hall of india
_bNew Delhi
_c2001
300 _b250
650 _aCIRCUITRY
999 _c170252
_d170252